Loading...
| Science - Chemistry | 1 | 2 | 1 | 1 | 30 | 48 | 88.33 | 2 | 3 | 12.12 | 27.78 |
| Literature - Long Fiction | 0 | 2 | 0 | 0 | 20 | 115 | 115.00 | 1 | 2 | 5.31 | 13.64 |
| Other Academic | 0 | 2 | 0 | 0 | 20 | 87 | 104.00 | 1 | 2 | 5.48 | 16.67 |
| Mythology | 0 | 2 | 1 | 1 | 15 | 107 | 126.00 | 0 | 2 | 3.76 | 16.67 |
| Current Events | 0 | 1 | 0 | 0 | 10 | 104 | 104.00 | 0 | 1 | 3.03 | 7.14 |
| Fine Arts - Classical Music | 0 | 1 | 0 | 0 | 10 | 112 | 112.00 | 1 | 1 | 2.59 | 11.11 |
| History - World | 0 | 1 | 0 | 0 | 10 | 107 | 107.00 | 0 | 1 | 2.35 | 3.85 |
| Literature - Drama | 0 | 1 | 0 | 0 | 10 | 101 | 101.00 | 1 | 1 | 4.92 | 14.29 |
| Religion | 0 | 1 | 0 | 0 | 10 | 130 | 130.00 | 0 | 1 | 1.82 | 7.14 |
| Social Science | 0 | 1 | 1 | 0 | 5 | 126 | 126.00 | 0 | 1 | 0.76 | 3.57 |
| Fine Arts - Other | 0 | 1 | 1 | 0 | 5 | 154 | 154.00 | 0 | 1 | 0.05 | 3.85 |
| Science - Biology | 0 | 2 | 4 | 1 | 0 | 103 | 120.50 | 1 | 2 | 2.68 | 16.67 |
| History - Other | 0 | 0 | 0 | 0 | 0 | 0.00 | 0 | 0 | 0.00 | 0.00 | |
| Fine Arts - Painting and Sculpture | 0 | 0 | 0 | 0 | 0 | 0.00 | 0 | 0 | 0.00 | 0.00 | |
| Science - Physics | 0 | 0 | 0 | 0 | 0 | 0.00 | 0 | 0 | 0.00 | 0.00 | |
| Short Fiction and Other | 0 | 1 | 2 | 0 | 0 | 122 | 122.00 | 0 | 1 | 2.31 | 5.56 |
| Science - Other | 0 | 0 | 1 | 0 | -5 | 0.00 | 0 | 0 | 0.00 | 0.00 | |
| History - American | 0 | 0 | 1 | 0 | -5 | 0.00 | 0 | 0 | 0.00 | 0.00 |